000 01163nab a22002297a 4500
999 _c5762
_d5762
003 OSt
005 20260105151609.0
008 190514b xxu||||| |||| 00| 0 spa d
040 _cPJ
100 _96677
_aFernández Sosa, Macarena
245 1 0 _aLey Olimpia, el reconocimiento de la violencia digital /
_cMacarena Fernández Sosa.
300 _ap. 170-181
500 _aCita: TR LALEY AR/DOC/883/2025.
505 _aSumario: I. Introducción.— II. Hechos del caso.— III. Violencia digital y género.— IV. Modificaciones introducidas por la Ley Olimpia.— V. Medidas de protección.— VI. Ley Belén: proyecto de reforma penal.— VII. Conclusiones.
505 _tFallo comentado: CCiv., Com. y Minería, General Roca ~ 05/11/2024 ~ B. A. A. Y. G. N. M. c. M. M. N. J. C. Y. P. L. s/ violencia.
650 0 _9967
_aDERECHO DE FAMILIA
650 0 _93053
_aVIOLENCIA DE GÉNERO
650 0 _96528
_aVIOLENCIA DIGITAL
650 0 _91057
_aJURISPRUDENCIA APLICABLE
773 0 _02844
_93222
_dBuenos Aires : AbeledoPerrot, 1989-
_tDerecho de familia. Revista Interdisciplinaria de doctrina y jurisprudencia. Junio 2025-III.
_z18511201
942 _2udc
_cANA